000
00226nam a22000857a 4500
008
160920b xxu||||| |||| 00| 0 eng d
100
_9
683
_a
Dhaka.N.P.etal
245
_a
Lab. Chemistry-XI
260
_a
New Delhi
_b
ABD Publications
_c
2011
999
_c
3340
_d
3340